Business statistics (Record no. 3522)

000 -LEADER
fixed length control field 00602nam a2200217Ia 4500
008 - FIXED-LENGTH DATA ELEMENTS--GENERAL INFORMATION
fixed length control field 251204t2025||||ii |||||||||||||| ||und||
020 ## - INTERNATIONAL STANDARD BOOK NUMBER
International Standard Book Number 9789370602571
Terms of availability Rs. 1175.00
040 ## - CATALOGING SOURCE
Original cataloging agency IMU Kochi Library
Language of cataloging eng
041 0# - LANGUAGE CODE
Language code of text/sound track or separate title eng
044 ## - COUNTRY OF PUBLISHING/PRODUCING ENTITY CODE
MARC country code India
082 04 - DEWEY DECIMAL CLASSIFICATION NUMBER
Classification number 519.5
Item number B5611
Edition number 23
100 1# - MAIN ENTRY--PERSONAL NAME
Personal name Black, Ken
245 10 - TITLE STATEMENT
Title Business statistics
Sub Title : for contemporary decision making /
250 ## - EDITION STATEMENT
Edition statement 11th ed.
260 ## - PUBLICATION, DISTRIBUTION, ETC. (IMPRINT)
Place of publication, distribution, etc New Delhi :
Name of publisher, distributor, etc Wiley India Pvt Ltd,
Date of publication, distribution, etc 2025
300 ## - PHYSICAL DESCRIPTION
Extent xxi, 811 p.
Other physical details ill. :
Dimensions ; 28 cm.
650 #0 - SUBJECT ADDED ENTRY--TOPICAL TERM
Topical term or geographic name as entry element Commercial statistics
Form subdivision Textbooks
852 ## - LOCATION/CALL NUMBER
Location IMU Kochi Library
904 ## - LOCAL DATA ELEMENT D, LDD (RLIN)
CATALOGER Akhil Bose
942 ## - ADDED ENTRY ELEMENTS (KOHA)
Item type Books
Holdings
Withdrawn status Lost status Source of classification or shelving scheme Damaged status Not for loan Collection code Permanent location Current location Shelving location Date acquired Source of acquisition Cost, normal purchase price Full call number Barcode Date last seen Koha item type
          Management Studies IMU Kochi Library IMU Kochi Library General Stacks 2025-12-04 M/s Sterling Book House (Inv. no. INV/5818 dated 18.11.2025) 1175.00 519.5 B5611 BK007819 2025-12-09 Books
          Management Studies IMU Kochi Library IMU Kochi Library General Stacks 2025-12-04 M/s Sterling Book House (Inv. no. INV/5818 dated 18.11.2025) 1175.00 519.5 B5611 BK007820 2025-12-09 Books
          Management Studies IMU Kochi Library IMU Kochi Library General Stacks 2025-12-04 M/s Sterling Book House (Inv. no. INV/5818 dated 18.11.2025) 1175.00 519.5 B5611 BK007821 2025-12-09 Books
          Management Studies IMU Kochi Library IMU Kochi Library General Stacks 2025-12-04 M/s Sterling Book House (Inv. no. INV/5818 dated 18.11.2025) 1175.00 519.5 B5611 BK007822 2025-12-09 Books
          Management Studies IMU Kochi Library IMU Kochi Library General Stacks 2025-12-04 M/s Sterling Book House (Inv. no. INV/5818 dated 18.11.2025) 1175.00 519.5 B5611 BK007823 2025-12-09 Books


Copyright © All Rights Reserved by Indian Maritime University, Kochi Campus.
For any Suggestions/Query Contact to library or Email: library.kochi@imu.ac.in Ph:(0484)-2989402
(Web OPAC Designed by Rudra Ranjan. Maintained by IMU Kochi Library)

Powered by Koha